000 00492nam a2200157 4500
001 110047
003 ES-MaACL
005 20230906184952.0
007 t|
008 061121s1971 cr r ||||1| spa d
100 1 _aObregón Loria, Rafael.
_986429
245 1 0 _aDe nuestra historia patria
_b: los primeros días de independencia /
_cRafael Obregón Loria.
260 _aCosta Rica ; Madrid :
_bSuc. Galo Sèz,
_c1971.
300 _a237 p. ;
_c22 cm.
852 _aES-MaACL
_jC-38718
_bR.78771
999 _c110047
_d110047